| 000 | 00907nam a2200217 a 4500 | ||
|---|---|---|---|
| 001 | 000037255 | ||
| 005 | 20200930080237.0 | ||
| 008 | 120321s2010 ve 000 0 spa d | ||
| 020 | _a9789807053013 | ||
| 040 |
_aDO-SdBNP _bspa _cBNPHU |
||
| 082 |
_axxx _bV297m |
||
| 100 | 1 |
_aVargas Arenas, Iraida _916157 |
|
| 245 | 1 | 0 |
_aMujeres en tiempos de cambio : _breflexiones en torno a los derechos sociales, políticos, económicos y culturales de las mujeres venezolanas / _cIraida Vargas Arenas. |
| 260 |
_aCaracas, Venezuela : _bArchivo General de la Nación, _bCentro Nacional de Historia, _c2010. |
||
| 300 |
_a183 p. ; _c21 cm. |
||
| 490 | 1 |
_aBicentenario _v6 |
|
| 500 | _aIncluye referencias bibliográficas y notas al pie de las páginas | ||
| 500 | _aIncluye datos biográficos de la autora en la solapa de la contracubierta. | ||
| 504 | _aBibliografía: p. 175-183 | ||
| 830 | 0 |
_aBicentenario _n6 _963673 |
|
| 999 |
_c36745 _d36745 |
||